Normal view
MARC view
Entry Personal Name
001 - CONTROL NUMBER
- control field: 14426
003 - CONTROL NUMBER IDENTIFIER
- control field: dpl
005 - DATE AND TIME OF LATEST TRANSACTION
- control field: 20100817143413.0
008 - FIXED-LENGTH DATA ELEMENTS
- fixed length control field: 100817|||a|||||| | ||| d
040 ## - CATALOGING SOURCE
- Original cataloging agency: dpl
- Transcribing agency: dpl
100 ## - HEADING--PERSONAL NAME
- Personal name: Gulati, S.L.
670 ## - SOURCE DATA FOUND
- Source citation: Work cat.: (dpl)35467: Datason, R.P. 14425, New light's BCA (Bachelor Of Computer Application) entrance exam guide:, 2011
670 ## - SOURCE DATA FOUND
- Source citation: Work cat.: (dpl)35467: Datason, R.P. 14425, New light's BCA (Bachelor Of Computer Application) entrance exam guide:, 2011
